000 00515nam a2200181Ia 4500
008 240925s9999 xx 000 0 und d
020 _aNA
082 _a954.91 BAT
100 _aBatliwala, Usman
245 0 _aVisual History of the Freedom Movement: a pakistan golden jublee publication
250 _aNA
260 _aKarachi:
_bFaran Publications
_c,1997.
300 _axvii,1271p.
_bNA
_fPhotocopy
500 _aNA
600 _aHumanities & Natural Science
650 _aHistory and Geography
942 _cBK
999 _c4572
_d4572